[Event "Monastir Slama Memorial"]
[Site "Monastir"]
[Date "2024.09.07"]
[Round "8"]
[White "Zaibi, Amir"]
[Black "Hbacha, Achraf"]
[Result "1-0"]
[WhiteElo "2371"]
[BlackElo "2126"]
[PlyCount "101"]
[EventDate "2024.09.02"]
[EventType "swiss"]
[EventRounds "9"]
[EventCountry "TUN"]
[SourceTitle "CB38_2024"]
[SourceDate "2024.09.18"]
[SourceVersion "1"]
[SourceVersionDate "2024.09.18"]
[SourceQuality "1"]

1. d4 d5 2. c4 e6 3. Nf3 c6 4. Nc3 Nf6 5. Bg5 Be7 6. e3 Nbd7 7. Qc2 0-0 8. Rd1 Re8 9. h3 Qa5 10. a3 Ne4 11. Bxe7 Rxe7 12. Bd3 Nxc3 13. Qxc3 Qxc3+ 14. bxc3 Nb6 15. Nd2 e5 16. 0-0 Be6 17. c5 Na4 18. Rc1 b6 19. Bc2 Nxc3 20. Bxh7+ Kxh7 21. Rxc3 exd4 22. exd4 b5 23. g4 a5 24. Rb1 Bd7 25. Re3 Rae8 26. Rbe1 Rxe3 27. fxe3 f5 28. Nf3 fxg4 29. hxg4 Bxg4 30. Ne5 Rxe5 31. dxe5 Kg6 32. Rf1 Bf5 33. Rf2 Kg5 34. Kg2 g6 35. Kg3 Kh6 36. Kf4 Kg7 37. Rh2 Be4 38. Kg5 Kf7 39. Rh8 Bf5 40. Kf4 Ke6 41. Re8+ Kd7 42. Rf8 Kc7 43. Rf7+ Kb8 44. Rh7 Kc8 45. Kg5 b4 46. axb4 axb4 47. Rh4 Be4 48. e6 b3 49. e7 Kd7 50. Kf6 g5 51. Rh8 1-0

[Event "Monastir Slama Memorial"]
[Site "Monastir"]
[Date "2024.09.06"]
[Round "7"]
[White "Araoune, Saadi"]
[Black "Zaibi, Amir"]
[Result "0-1"]
[WhiteElo "2116"]
[BlackElo "2371"]
[PlyCount "78"]
[EventDate "2024.09.02"]
[EventType "swiss"]
[EventRounds "9"]
[EventCountry "TUN"]
[SourceTitle "CB38_2024"]
[SourceDate "2024.09.18"]
[SourceVersion "1"]
[SourceVersionDate "2024.09.18"]
[SourceQuality "1"]

1. d4 d5 2. c4 e6 3. Nc3 c6 4. e3 f5 5. Nf3 Nf6 6. Bd3 Bd6 7. 0-0 0-0 8. b3 Ne4 9. Ne2 b6 10. Bb2 Bb7 11. Ne5 Nd7 12. f3 Ng5 13. cxd5 exd5 14. Qc2 g6 15. Rac1 Rc8 16. Qb1 Qe7 17. Qa1 Rc7 18. Rc2 Nf7 19. f4 Nf6 20. Nc3 Nd8 21. a4 a5 22. h3 Ne6 23. g3 Ra8 24. Qd1 Ba6 25. Bxa6 Rxa6 26. g4 Ng7 27. Qe2 Ra8 28. Rfc1 Rac8 29. Qg2 Qe6 30. g5 Ne4 31. Nb1 Qe8 32. Qe2 Ne6 33. Qa6 Bxe5 34. dxe5 N4c5 35. Qxb6 Rb7 36. Qxa5 Nxb3 37. Qa6 Nec5 38. Qe2 Nxc1 39. Rxc1 Rcb8 0-1

[Event "Monastir Slama Memorial"]
[Site "Monastir"]
[Date "2024.09.03"]
[Round "3"]
[White "Bouzidi, Ahmed"]
[Black "Zaibi, Amir"]
[Result "1/2-1/2"]
[WhiteElo "2123"]
[BlackElo "2371"]
[PlyCount "23"]
[EventDate "2024.09.02"]
[EventType "swiss"]
[EventRounds "9"]
[EventCountry "TUN"]
[SourceTitle "CB38_2024"]
[SourceDate "2024.09.18"]
[SourceVersion "1"]
[SourceVersionDate "2024.09.18"]
[SourceQuality "1"]

1. e4 c5 2. c3 d5 3. exd5 Qxd5 4. d4 Nc6 5. Nf3 Bg4 6. Be2 e6 7. h3 Bh5 8. 0-0 Nf6 9. Na3 cxd4 10. Nb5 Rc8 11. Nfxd4 Bxe2 12. Qxe2 1/2-1/2

[Event "FIDE World Cup"]
[Site "Baku"]
[Date "2023.07.31"]
[Round "1.2"]
[White "Zaibi, Amir"]
[Black "Indjic, Aleksandar"]
[Result "0-1"]
[WhiteElo "2375"]
[BlackElo "2619"]
[PlyCount "46"]
[EventDate "2023.07.30"]
[EventType "k.o."]
[EventRounds "8"]
[EventCountry "AZE"]
[SourceTitle "EXT 2024"]
[Source "ChessBase"]
[SourceDate "2023.10.10"]
[SourceVersion "1"]
[SourceVersionDate "2023.10.10"]
[SourceQuality "1"]

1. e4 e5 2. Bc4 Nf6 3. d3 Nc6 4. Nc3 Bc5 5. f4 d6 6. Nf3 h6 7. Na4 exf4 8. e5 Nh5 9. d4 Nxd4 10. Nxc5 dxc5 11. c3 Be6 12. Bxe6 Nxe6 13. Qb3 Qd3 14. Qxb7 0-0 15. Rf1 Rab8 16. Qc6 Rb6 17. Qa4 Rxb2 18. Bxb2 Qe3+ 19. Kd1 Rd8+ 20. Nd4 cxd4 21. c4 Qd3+ 22. Ke1 Qe4+ 23. Kd1 Qxg2 0-1

[Event "Monastir Safe Tours op"]
[Site "Monastir"]
[Date "2023.06.18"]
[Round "5"]
[White "Zaibi, Amir"]
[Black "Ben Brahem, Aymen"]
[Result "1-0"]
[WhiteElo "2393"]
[BlackElo "2133"]
[PlyCount "41"]
[EventDate "2023.06.16"]
[EventType "swiss"]
[EventRounds "7"]
[EventCountry "TUN"]
[SourceTitle "EXT 2024"]
[Source "ChessBase"]
[SourceDate "2023.10.10"]
[SourceVersion "1"]
[SourceVersionDate "2023.10.10"]
[SourceQuality "1"]

1. c4 Nf6 2. Nc3 e6 3. e4 d5 4. e5 d4 5. exf6 dxc3 6. bxc3 Qxf6 7. d4 c5 8. Nf3 h6 9. Bd3 Nc6 10. Be4 Bd7 11. 0-0 Be7 12. Rb1 Rb8 13. Re1 0-0 14. Ne5 Rbd8 15. Ng4 Qh4 16. g3 Qxg4 17. Qxg4 f5 18. Qe2 fxe4 19. Rxb7 Bc8 20. Rc7 cxd4 21. Qxe4 1-0

[Event "Sharjah Challengers 6th"]
[Site "Sharjah"]
[Date "2023.05.24"]
[Round "8"]
[White "Sivuk, Vitaly"]
[Black "Zaibi, Amir"]
[Result "1-0"]
[WhiteElo "2489"]
[BlackElo "2393"]
[PlyCount "83"]
[EventDate "2023.05.17"]
[EventType "swiss"]
[EventRounds "9"]
[EventCountry "UAE"]
[SourceTitle "CBM 214 Extra"]
[Source "ChessBase"]
[SourceDate "2023.07.31"]
[SourceVersion "1"]
[SourceVersionDate "2023.07.31"]
[SourceQuality "1"]

1. Nf3 d5 2. d4 Nf6 3. c4 e6 4. Nc3 Bb4 5. Bg5 h6 6. Bxf6 Qxf6 7. e3 Nd7 8. Qb3 c5 9. cxd5 exd5 10. Bb5 0-0 11. 0-0 Bxc3 12. Qxc3 c4 13. b3 Nb6 14. bxc4 Bg4 15. Ne5 Be2 16. Rfb1 Bxc4 17. a4 Rfc8 18. Qe1 Rc7 19. a5 Nc8 20. Nd7 Qe7 21. Bxc4 Rxc4 22. Ne5 Rc7 23. Nd3 Qe8 24. Qb4 b6 25. Qb5 Qd8 26. Nf4 Rd7 27. g3 Rb8 28. h4 Rbb7 29. Rc1 bxa5 30. Qxa5 Nb6 31. Rc5 Rbc7 32. Qb5 g6 33. Rac1 Rb7 34. Rc6 Kg7 35. Rxg6+ Kh7 36. Rgc6 Qf8 37. Qd3+ f5 38. Ng6 Qf7 39. Ne5 Qh5 40. Nxd7 Rxd7 41. Rf6 Rf7 42. Rcc6 1-0

[Event "Africa-ch"]
[Site "Giza"]
[Date "2023.05.12"]
[Round "8"]
[White "Zaibi, Amir"]
[Black "Fadi, Marko"]
[Result "1-0"]
[WhiteElo "2393"]
[BlackElo "2272"]
[PlyCount "45"]
[EventDate "2023.05.06"]
[EventType "swiss"]
[EventRounds "9"]
[EventCountry "EGY"]
[SourceTitle "CBM 214 Extra"]
[Source "ChessBase"]
[SourceDate "2023.07.31"]
[SourceVersion "1"]
[SourceVersionDate "2023.07.31"]
[SourceQuality "1"]

1. e4 c5 2. Nf3 Nc6 3. d4 cxd4 4. Nxd4 Nf6 5. Nc3 g6 6. Bc4 Bg7 7. Nb3 d6 8. 0-0 0-0 9. Re1 Be6 10. Nd5 Nd7 11. c3 Rc8 12. Bf1 Nc5 13. Bg5 f6 14. Nxc5 dxc5 15. Be3 Qd6 16. Qa4 Bxd5 17. Rad1 Qc7 18. Rxd5 b6 19. Red1 Rfd8 20. Rxd8+ Rxd8 21. Rxd8+ Nxd8 22. Qe8+ Bf8 23. Bh6 1-0

[Event "Africa-ch"]
[Site "Giza"]
[Date "2023.05.11"]
[Round "7"]
[White "Oragwu, Chukwunonso"]
[Black "Zaibi, Amir"]
[Result "0-1"]
[WhiteElo "2206"]
[BlackElo "2393"]
[PlyCount "72"]
[EventDate "2023.05.06"]
[EventType "swiss"]
[EventRounds "9"]
[EventCountry "EGY"]
[SourceTitle "CBM 214 Extra"]
[Source "ChessBase"]
[SourceDate "2023.07.31"]
[SourceVersion "1"]
[SourceVersionDate "2023.07.31"]
[SourceQuality "1"]

1. e4 c5 2. Nf3 e6 3. Be2 Nc6 4. 0-0 Nf6 5. Nc3 a6 6. a4 Be7 7. Re1 d5 8. exd5 Nxd5 9. Bc4 0-0 10. h3 Ndb4 11. Ne4 b6 12. c3 Nd3 13. Re2 Bb7 14. Re3 Nce5 15. Nxe5 Nxe5 16. Bf1 Qd5 17. Qe1 Ng6 18. d3 Rad8 19. c4 Qd7 20. Nc3 Bd6 21. a5 b5 22. cxb5 axb5 23. a6 Ra8 24. Ne4 Bxa6 25. Nxd6 Qxd6 26. Rg3 Bb7 27. Ra5 b4 28. Rxa8 Rxa8 29. Be3 Ne7 30. Qc1 Nf5 31. Bxc5 Rc8 32. Bxd6 Rxc1 33. Bf4 Rb1 34. Rg4 h5 35. Rg5 f6 36. Rxh5 g6 0-1

[Event "Riadh Rapid op"]
[Site "Riadh"]
[Date "2023.03.17"]
[Round "4"]
[White "Farhan, Marwan Ali"]
[Black "Zaibi, Amir"]
[Result "1-0"]
[WhiteElo "1970"]
[BlackElo "2393"]
[PlyCount "81"]
[EventDate "2023.03.17"]
[EventType "swiss (rapid)"]
[EventRounds "9"]
[EventCountry "SAU"]
[SourceTitle "CBM 213 Extra"]
[Source "ChessBase"]
[SourceDate "2023.05.31"]
[SourceVersion "1"]
[SourceVersionDate "2023.05.31"]
[SourceQuality "1"]

1. e4 d5 2. exd5 Nf6 3. c4 c6 4. d4 cxd5 5. Nc3 Nc6 6. cxd5 Nxd5 7. Bc4 e6 8. Nf3 Bb4 9. Qd3 0-0 10. 0-0 Nf6 11. Bg5 h6 12. Bh4 b6 13. Bb3 Bb7 14. Bc2 g6 15. Qe3 Kg7 16. Rad1 Be7 17. Bg3 Nb4 18. Bb1 Nbd5 19. Qd3 a5 20. Rfe1 Ba6 21. Qc2 Qc8 22. Ne5 Qe8 23. Qb3 Rc8 24. Nxd5 Nxd5 25. Qf3 Nf6 26. Bf4 Rh8 27. b3 Bb4 28. Rf1 Bxf1 29. Rxf1 Rc3 30. Be3 a4 31. bxa4 Qxa4 32. Qb7 Qe8 33. Bxg6 Rf8 34. Bb1 Nd5 35. Qa6 Nxe3 36. fxe3 Rxe3 37. Qxb6 Qe7 38. Nc6 Qd6 39. Qb7 Bc3 40. Ne5 Bxd4 41. Rxf7+ 1-0

[Event "Beirut op 11th"]
[Site "Beirut"]
[Date "2022.11.18"]
[Round "8"]
[White "Sharbel, Marwan"]
[Black "Zaibi, Amir"]
[Result "0-1"]
[WhiteElo "1819"]
[BlackElo "2395"]
[PlyCount "73"]
[EventDate "2022.11.12"]
[EventType "swiss"]
[EventRounds "9"]
[EventCountry "LBN"]
[SourceTitle "EXT 2024"]
[Source "ChessBase"]
[SourceDate "2023.10.10"]
[SourceVersion "1"]
[SourceVersionDate "2023.10.10"]
[SourceQuality "1"]

1. d4 Nf6 2. Bf4 d6 3. e3 Nbd7 4. Nf3 Nh5 5. Bc4 Nxf4 6. exf4 e6 7. 0-0 Be7 8. Re1 0-0 9. Qe2 Bf6 10. Nbd2 c5 11. d5 exd5 12. Bxd5 Nb6 13. Bb3 Bxb2 14. Rad1 Bf5 15. a4 Bc3 16. h3 h6 17. g4 Bd7 18. Qd3 Bxd2 19. Rxd2 Bc6 20. c4 Qf6 21. a5 Qxf4 22. Nh4 Rae8 23. Rdd1 Nd7 24. Bc2 Nf6 25. Nf5 Be4 26. Qc3 Bxf5 27. Bxf5 Re5 28. Rxe5 dxe5 29. Bc2 g6 30. Rf1 Rd8 31. Rd1 Rxd1+ 32. Bxd1 Qxf2+ 33. Kxf2 Ne4+ 34. Ke3 Nxc3 35. Bf3 b6 36. axb6 axb6 37. Bc6 0-1

[Event "Olympiad-44"]
[Site "Chennai"]
[Date "2022.08.06"]
[Round "8.1"]
[White "Zaibi, Amir"]
[Black "Beukes, Dante M"]
[Result "0-1"]
[WhiteElo "2398"]
[BlackElo "2234"]
[PlyCount "164"]
[EventDate "2022.07.29"]
[EventType "team-swiss"]
[EventRounds "11"]
[EventCountry "IND"]
[SourceTitle "CBM 210"]
[Source "ChessBase"]
[SourceDate "2022.10.31"]
[SourceVersion "1"]
[SourceVersionDate "2022.10.31"]
[SourceQuality "1"]
[WhiteTeam "Tunisia"]
[BlackTeam "Namibia"]
[WhiteTeamCountry "TUN"]
[BlackTeamCountry "NAM"]

1. d4 Nf6 2. c4 g6 3. g3 Bg7 4. Bg2 0-0 5. Nc3 d6 6. Nf3 c6 7. 0-0 Bf5 8. Nh4 Be6 9. b3 d5 10. Rb1 Qd7 11. Qd3 Rd8 12. c5 Ne4 13. f4 Bf6 14. e3 Bxh4 15. gxh4 Nf6 16. Rb2 Bh3 17. Rf3 Bf5 18. Qf1 Qe6 19. Ne2 Nh5 20. Ng3 Nxg3 21. Rxg3 Nd7 22. h5 Nf6 23. hxg6 hxg6 24. Bd2 Kg7 25. Ba5 Rh8 26. Bc7 Nh5 27. Rf3 Rac8 28. Ba5 Nf6 29. Bd2 Rh7 30. Be1 Ng4 31. Bh1 Rch8 32. Bg3 Nxe3 33. Qe2 Ng4 34. Qxe6 Bxe6 35. b4 a6 36. a4 Nh6 37. Rd3 Nf5 38. Bg2 Ra8 39. Rd1 Rhh8 40. Kf2 Rhb8 41. Bh3 Nxg3 42. Kxg3 Bxh3 43. Kxh3 Rh8+ 44. Kg3 Rh5 45. h4 Rah8 46. Rh1 e6 47. Rbh2 Kf6 48. Re1 Ke7 49. Re3 Kd7 50. Re5 Rb8 51. a5 Rbh8 52. Rg5 R8h6 53. Rg4 Ke7 54. Rh3 Kf8 55. Rh2 Kg7 56. Rh1 f6 57. Rh2 Rh8 58. Rh1 Kf7 59. Rh2 Rg8 60. Rf2 Rgh8 61. Rh2 Kg7 62. Rh1 g5 63. fxg5 f5 64. Rf4 Rxg5+ 65. Kf3 Rgh5 66. Rg1+ Kf6 67. Rgg4 Kf7 68. Kg3 R5h6 69. Rf1 Rg6 70. Rg5 Rxg5+ 71. hxg5 Rh5 72. Kf4 Rh4+ 73. Ke3 Kg6 74. Rg1 Re4+ 75. Kd3 f4 76. Rh1 Re3+ 77. Kc2 f3 78. Kd2 Re4 79. Rh3 Rxd4+ 80. Ke1 Rxb4 81. Rxf3 Kxg5 82. Rf7 Rb5 0-1

[Event "Olympiad-44"]
[Site "Chennai"]
[Date "2022.08.01"]
[Round "4.1"]
[White "Zaibi, Amir"]
[Black "Henriquez Villagra, Cristobal"]
[Result "0-1"]
[WhiteElo "2398"]
[BlackElo "2620"]
[PlyCount "64"]
[EventDate "2022.07.29"]
[EventType "team-swiss"]
[EventRounds "11"]
[EventCountry "IND"]
[SourceTitle "CBM 210"]
[Source "ChessBase"]
[SourceDate "2022.10.31"]
[SourceVersion "1"]
[SourceVersionDate "2022.10.31"]
[SourceQuality "1"]
[WhiteTeam "Tunisia"]
[BlackTeam "Chile"]
[WhiteTeamCountry "TUN"]
[BlackTeamCountry "CHI"]

1. c4 e6 2. Nf3 d5 3. d4 Nf6 4. g3 Bb4+ 5. Bd2 Be7 6. Bg2 0-0 7. 0-0 Nbd7 8. Qc2 c6 9. Rc1 a5 10. Bf4 h6 11. Nc3 dxc4 12. Nd2 Nb6 13. e4 g5 14. Be3 Ng4 15. e5 c5 16. Qe4 Nxe3 17. fxe3 cxd4 18. exd4 Bd7 19. Qxb7 Rb8 20. Qe4 Bc6 21. Qxc6 Qxd4+ 22. Kh1 Qxd2 23. Rf1 Qxb2 24. Qf3 Nd7 25. Rae1 Bb4 26. Qh5 Qxc3 27. Qxh6 Nxe5 28. a3 Nd3 29. axb4 Qg7 30. Qxg7+ Kxg7 31. bxa5 Nxe1 32. Rxe1 c3 0-1

[Event "Francophonie-chT Rapid"]
[Site "Tornelo INT"]
[Date "2022.06.05"]
[Round "9.3"]
[White "Vettese, Nicholas"]
[Black "Zaibi, Amir"]
[Result "1-0"]
[WhiteElo "2231"]
[BlackElo "2398"]
[PlyCount "47"]
[EventDate "2022.06.04"]
[EventType "team-swiss (rapid)"]
[EventRounds "11"]
[EventCountry "FRA"]
[SourceTitle "CBM 208 Extra"]
[Source "ChessBase"]
[SourceDate "2022.07.31"]
[SourceVersion "1"]
[SourceVersionDate "2022.07.31"]
[SourceQuality "1"]
[WhiteTeam "Canada"]
[BlackTeam "Tunisia"]
[WhiteTeamCountry "CAN"]
[BlackTeamCountry "TUN"]

1. e4 c5 2. Nf3 e6 3. d4 cxd4 4. Nxd4 Nc6 5. Nc3 Qc7 6. Be3 a6 7. Qf3 Ne5 8. Qg3 h5 9. h4 b5 10. 0-0-0 b4 11. Na4 Nf6 12. Nf3 d6 13. Nxe5 dxe5 14. Bb6 Qc6 15. Rd8+ Ke7 16. Qxe5 Nd7 17. Qa5 f6 18. Be2 Kf7 19. Bxh5+ g6 20. Bf3 Nxb6 21. e5 Qxa4 22. Qxb6 Qxa2 23. Qc7+ Kg8 24. Qe7 1-0

[Event "Francophonie-chT Rapid"]
[Site "Tornelo INT"]
[Date "2022.06.05"]
[Round "10.5"]
[White "Zaibi, Amir"]
[Black "Strovsky, Mikhail"]
[Result "1-0"]
[WhiteElo "2398"]
[BlackElo "2158"]
[PlyCount "119"]
[EventDate "2022.06.04"]
[EventType "team-swiss (rapid)"]
[EventRounds "11"]
[EventCountry "FRA"]
[SourceTitle "CBM 208 Extra"]
[Source "ChessBase"]
[SourceDate "2022.07.31"]
[SourceVersion "1"]
[SourceVersionDate "2022.07.31"]
[SourceQuality "1"]
[WhiteTeam "Tunisia"]
[BlackTeam "Togo"]
[WhiteTeamCountry "TUN"]
[BlackTeamCountry "TOG"]

1. d4 d5 2. Nf3 e6 3. c4 Nf6 4. g3 c5 5. cxd5 exd5 6. Bg2 Nc6 7. 0-0 Be7 8. dxc5 Bxc5 9. Nc3 0-0 10. Bg5 Be6 11. Rc1 Be7 12. Nd4 Nxd4 13. Qxd4 Qa5 14. Qa4 Qxa4 15. Nxa4 Rac8 16. Rfd1 b6 17. Rxc8 Rxc8 18. Nc3 h6 19. Be3 Bc5 20. Bd4 Bxd4 21. Rxd4 Rc4 22. e3 Rxd4 23. exd4 Kf8 24. f4 Ke7 25. Bf3 Kd7 26. Kf2 Kc6 27. a3 Bf5 28. Ke3 Ng4+ 29. Bxg4 Bxg4 30. Kf2 Bf5 31. Kf3 Bd3 32. Kg4 g6 33. h4 f5+ 34. Kh3 Bf1+ 35. Kh2 Bd3 36. Kg2 h5 37. Kf2 Be4 38. Ke2 Bc2 39. Kd2 Be4 40. Nd1 Kb5 41. Kc3 Kc6 42. Kb3 a6 43. Nc3 Kd6 44. a4 Kc6 45. a5 b5 46. Na2 Bf3 47. Kc3 Be4 48. Nc1 Kc7 49. Nb3 Kb7 50. Nc5+ Ka7 51. Kb4 Bf3 52. Nd7 Kb7 53. Kc5 Kc7 54. Ne5 Be4 55. Nxg6 Kd7 56. Kb6 Bd3 57. b4 Kd6 58. Kxa6 Kc7 59. Ne7 Be4 60. Kxb5 1-0

[Event "Francophonie-chT Rapid"]
[Site "Tornelo INT"]
[Date "2022.06.04"]
[Round "2.3"]
[White "Zaibi, Amir"]
[Black "Rajerison, Mananihaja Charly"]
[Result "1/2-1/2"]
[WhiteElo "2398"]
[BlackElo "1912"]
[PlyCount "64"]
[EventDate "2022.06.04"]
[EventType "team-swiss (rapid)"]
[EventRounds "11"]
[EventCountry "FRA"]
[SourceTitle "CBM 208 Extra"]
[Source "ChessBase"]
[SourceDate "2022.07.31"]
[SourceVersion "1"]
[SourceVersionDate "2022.07.31"]
[SourceQuality "1"]
[WhiteTeam "Tunisia"]
[BlackTeam "Madagascar"]
[WhiteTeamCountry "TUN"]
[BlackTeamCountry "MAD"]

1. d4 d6 2. Nf3 Bg4 3. Nbd2 Nf6 4. h3 Bh5 5. c4 e6 6. Qb3 Qc8 7. e4 Bxf3 8. Nxf3 Nxe4 9. Bd3 Nf6 10. 0-0 Be7 11. Bd2 Nbd7 12. Rfe1 0-0 13. Rad1 c5 14. Bb1 cxd4 15. Nxd4 a6 16. Nf5 Qd8 17. Nxe7+ Qxe7 18. Qg3 Rfd8 19. Bc3 Nf8 20. b3 Ne8 21. Re4 Rac8 22. Ba5 Rd7 23. Red4 e5 24. R4d2 Ne6 25. Bb4 Rcd8 26. Bf5 Qf6 27. Bg4 g6 28. h4 Kh8 29. Rd3 h5 30. Bh3 Nf4 31. R3d2 Nxh3+ 32. Qxh3 Ng7 1/2-1/2

[Event "TUN-ch"]
[Site "Hammamet"]
[Date "2022.05.12"]
[Round "7"]
[White "Meddeb, Anis"]
[Black "Zaibi, Amir"]
[Result "1/2-1/2"]
[WhiteElo "2093"]
[BlackElo "2386"]
[PlyCount "73"]
[EventDate "2022.05.07"]
[EventType "tourn"]
[EventRounds "11"]
[EventCountry "TUN"]
[SourceTitle "CBM 208 Extra"]
[Source "ChessBase"]
[SourceDate "2022.07.31"]
[SourceVersion "1"]
[SourceVersionDate "2022.07.31"]
[SourceQuality "1"]

1. e4 c5 2. Nf3 e6 3. d4 cxd4 4. Nxd4 Nc6 5. Nc3 Nf6 6. Nxc6 bxc6 7. e5 Nd5 8. Ne4 Qc7 9. f4 Qb6 10. a3 f5 11. exf6 Nxf6 12. Nxf6+ gxf6 13. Qh5+ Kd8 14. Bd3 a5 15. Bd2 Bc5 16. 0-0-0 Bd4 17. b3 f5 18. Qh4+ Kc7 19. Qe7 Rg8 20. a4 Rxg2 21. Rhe1 Rg7 22. Qa3 Ba6 23. Bxa6 Rxa6 24. Re5 c5 25. Bc3 Rg1 26. Bxd4 Rxd1+ 27. Kxd1 cxd4 28. Qf8 Qb4 29. Qxb4 axb4 30. Kd2 d5 31. Kd3 Kd6 32. Kxd4 Rc6 33. c4 bxc3 34. Re1 c2 35. Rc1 e5+ 36. fxe5+ Ke6 37. Kd3 1/2-1/2

[Event "TUN-ch"]
[Site "Hammamet"]
[Date "2022.05.09"]
[Round "3"]
[White "Bouzidi, Ahmed"]
[Black "Zaibi, Amir"]
[Result "0-1"]
[WhiteElo "2144"]
[BlackElo "2386"]
[PlyCount "74"]
[EventDate "2022.05.07"]
[EventType "tourn"]
[EventRounds "11"]
[EventCountry "TUN"]
[SourceTitle "CBM 208 Extra"]
[Source "ChessBase"]
[SourceDate "2022.07.31"]
[SourceVersion "1"]
[SourceVersionDate "2022.07.31"]
[SourceQuality "1"]

1. d4 d5 2. Bg5 f6 3. Bd2 e5 4. e3 Nc6 5. c4 exd4 6. exd4 Nge7 7. cxd5 Nxd5 8. Nc3 Be6 9. Bb5 Qd7 10. Nge2 a6 11. Ba4 Nb6 12. Bb3 0-0-0 13. Be3 Bxb3 14. Qxb3 Na5 15. Qc2 Nac4 16. 0-0 Kb8 17. Rad1 Qe8 18. Bf4 g5 19. Bg3 Qg6 20. Rd3 Rd7 21. Na4 Nxa4 22. Qxa4 Nb6 23. Qb3 Bd6 24. Rc1 Re8 25. Bxd6 Rxd6 26. Re3 Nd5 27. Rxe8+ Qxe8 28. Nc3 Nf4 29. g3 Nd3 30. Rd1 Rxd4 31. a3 h5 32. Qc2 Ne1 33. Qc1 Nf3+ 34. Kg2 Qc6 35. Qe3 Nh4+ 36. Kf1 Qc4+ 37. Kg1 Qxc3 0-1

[Event "TUN-ch"]
[Site "Hammamet"]
[Date "2022.05.07"]
[Round "1"]
[White "Ben Brahem, Aymen"]
[Black "Zaibi, Amir"]
[Result "0-1"]
[WhiteElo "2178"]
[BlackElo "2386"]
[PlyCount "117"]
[EventDate "2022.05.07"]
[EventType "tourn"]
[EventRounds "11"]
[EventCountry "TUN"]
[SourceTitle "CBM 208 Extra"]
[Source "ChessBase"]
[SourceDate "2022.07.31"]
[SourceVersion "1"]
[SourceVersionDate "2022.07.31"]
[SourceQuality "1"]

1. d4 d5 2. Bf4 Nf6 3. e3 c5 4. c3 Nc6 5. Nd2 Bf5 6. Ngf3 e6 7. Qb3 Qc8 8. c4 cxd4 9. exd4 Be7 10. Be2 0-0 11. 0-0 Qd7 12. c5 Ne4 13. Rfd1 f6 14. Nxe4 Bxe4 15. Qe3 e5 16. dxe5 Qf5 17. Bg3 fxe5 18. Nxe5 Bf6 19. Bg4 Qg5 20. f4 Qh6 21. Be6+ Kh8 22. Bxd5 Bxd5 23. Rxd5 Rae8 24. Re1 Re7 25. b4 Bxe5 26. fxe5 Qe6 27. Qd2 Ref7 28. h3 a6 29. a3 Re8 30. Rd6 Qb3 31. Qd3 Qxd3 32. Rxd3 Rfe7 33. Rde3 Nd4 34. Re4 Ne6 35. Rd1 Kg8 36. Kf2 Kf8 37. Rd6 Rc7 38. Ke3 Ke7 39. Kd3 Rf8 40. Re1 h5 41. Ke4 g5 42. Kd5 Rd7 43. Rxd7+ Kxd7 44. Re2 h4 45. Bh2 Rf4 46. Re4 Rf2 47. Rg4 Ra2 48. a4 Rxa4 49. Kc4 Ra1 50. g3 Rh1 51. gxh4 Rxh2 52. hxg5 Rxh3 53. g6 Rh8 54. b5 axb5+ 55. Kxb5 Kc7 56. g7 Rg8 57. Rg6 Nd4+ 58. Kc4 Nc6 59. Rg5 0-1

[Event "Kimberley Moja"]
[Site "Kimberley"]
[Date "2022.03.26"]
[Round "8"]
[White "Zaibi, Amir"]
[Black "Barrish, Daniel"]
[Result "1-0"]
[WhiteElo "2389"]
[BlackElo "2266"]
[PlyCount "157"]
[EventDate "2022.03.19"]
[EventType "tourn"]
[EventRounds "9"]
[EventCountry "RSA"]
[EventCategory "1"]
[SourceTitle "EXT 2023"]
[Source "ChessBase"]
[SourceDate "2022.10.05"]
[SourceVersion "1"]
[SourceVersionDate "2022.10.05"]
[SourceQuality "1"]

1. e4 e5 2. Nc3 Nf6 3. Bc4 Nc6 4. d3 Na5 5. Qf3 Bc5 6. h3 0-0 7. Nge2 c6 8. g4 d6 9. Bg5 Nxc4 10. dxc4 Be6 11. b3 Bb4 12. 0-0 h6 13. Bxf6 Qxf6 14. Qxf6 gxf6 15. Rfd1 h5 16. Rd3 hxg4 17. hxg4 Rfd8 18. f3 Kf8 19. Kg2 Ke7 20. Rh1 Rh8 21. Rxh8 Rxh8 22. Nd1 Bc5 23. Ne3 Bxe3 24. Rxe3 Rc8 25. Rc3 b6 26. Ng3 a5 27. Nf1 Ra8 28. Ne3 Rh8 29. Rd3 Ra8 30. Rd1 Rh8 31. Rb1 Kd7 32. a4 Rb8 33. Rh1 Ke7 34. Kf2 Rg8 35. Rh6 Rb8 36. Ke2 Rd8 37. Nf1 Rc8 38. Kd2 d5 39. cxd5 cxd5 40. exd5 Bxd5 41. Rh3 Rd8 42. Ke2 Be6 43. Ne3 Rg8 44. Rh1 e4 45. Rh5 exf3+ 46. Kxf3 Rg5 47. Kf4 Rc5 48. c4 Kd6 49. Rh6 Ke7 50. Rh8 Kd7 51. Rb8 Kc7 52. Rg8 Kd6 53. Rd8+ Kc7 54. Rd4 Re5 55. Kf3 Rg5 56. Rf4 Rg6 57. Nf5 Bxf5 58. Rxf5 Rh6 59. Rh5 Rg6 60. Rh7 Kd6 61. Rxf7 Kc5 62. Rd7 Kb4 63. Rd3 Ka3 64. Kf4 Rg8 65. Rg3 Rg5 66. Rf3 Re5 67. Rd3 Rc5 68. Rh3 Re5 69. Rh5 Re6 70. Rb5 Kb2 71. Kf5 Rd6 72. Kg6 Kc3 73. Kf7 Rc6 74. Ke7 Rc5 75. Rxc5 bxc5 76. Kxf6 Kxb3 77. g5 Kxa4 78. g6 Kb3 79. g7 1-0

[Event "Kimberley Moja"]
[Site "Kimberley"]
[Date "2022.03.23"]
[Round "5"]
[White "Zaibi, Amir"]
[Black "Grover, Sahaj"]
[Result "0-1"]
[WhiteElo "2389"]
[BlackElo "2504"]
[PlyCount "90"]
[EventDate "2022.03.19"]
[EventType "tourn"]
[EventRounds "9"]
[EventCountry "RSA"]
[EventCategory "1"]
[SourceTitle "EXT 2023"]
[Source "ChessBase"]
[SourceDate "2022.10.05"]
[SourceVersion "1"]
[SourceVersionDate "2022.10.05"]
[SourceQuality "1"]

1. Nf3 d5 2. g3 Bf5 3. c4 e6 4. cxd5 exd5 5. Qb3 Na6 6. Bg2 Nc5 7. Qd1 a5 8. 0-0 Be7 9. d3 h6 10. Nc3 Nf6 11. Nd4 Bh7 12. Bh3 0-0 13. Bf4 c6 14. Rc1 a4 15. Qd2 Re8 16. Rfe1 Bf8 17. Nb1 Ncd7 18. Na3 g5 19. Be3 c5 20. Bxg5 hxg5 21. Qxg5+ Kh8 22. Nf5 Ng8 23. Qh5 Qf6 24. Nb5 Qc6 25. Nc3 Ngf6 26. Qg5 d4 27. Nb1 Qd5 28. f4 Ra6 29. Nd2 Rae6 30. Kf2 Qxa2 31. Nc4 b5 32. Ne5 Nxe5 33. fxe5 Nd7 34. Ra1 Qd5 35. e4 Qxe5 36. Kg1 Qf6 37. Qd2 Bxf5 38. Bxf5 Rd6 39. Qa5 Rb8 40. Qa7 Rd8 41. Qa5 Ne5 42. Rf1 Qh6 43. Rf4 Be7 44. Qxb5 Rb6 45. Qxa4 Bg5 0-1